Неэффективнгость применения законодательства о банкротстве; Проблемы управления рыночной экономикой

Manylion Llyfryddiaeth
Parent link:Проблемы управления рыночной экономикой.— 2000.— С. 133-138.
Prif Awdur: Шрамова А. В.
Iaith:Rwseg
Cyhoeddwyd: 2000
Pynciau:
Fformat: MixedMaterials Pennod Llyfr
KOHA link:https://koha.lib.tpu.ru/cgi-bin/koha/opac-detail.pl?biblionumber=48961

MARC

LEADER 00000naa2a2200000 4500
001 48961
005 20231031032444.0
035 |a (RuTPU)RU\TPU\book\51281 
035 |a RU\TPU\tpu\9344 
090 |a 48961 
100 |a 20030324d2000 k y0rusy50 ca 
101 0 |a rus 
102 |a RU 
200 1 |a Неэффективнгость применения законодательства о банкротстве  |f А. В. Шрамова 
463 1 |0 (RuTPU)RU\TPU\book\31193  |t Проблемы управления рыночной экономикой  |o Межкафедральный сборник научных трудов  |f ТПУ; Под ред. И. Е. Никулиной, О. С. Трубициной  |h Вып. 2  |v С. 133-138.  |d 2000  |p 304 с 
610 1 |a труды учёных ТПУ 
686 |a У9(2)212  |v LBC/SL-A  |2 rubbk 
700 1 |a Шрамова  |b А. В. 
801 1 |a RU  |b 63413507  |c 20020913  |g PSBO 
801 2 |a RU  |b 63413507  |c 20071001  |g PSBO 
942 |c BK